Nghị định của Chính phủ về xử phạt vi phạm hành chính trong vùng lãnh hải, vùng tiếp giáp lãnh hải, vùng đặc quyền kinh tế và thềm lục địa của nước Cộng hoà xã hội chủ ngh

Na minha lista:
Detalhes bibliográficos
Formato: Sách giấy
Idioma:Vietnamese
Publicado em: Hà Nội : Chính trị Quốc gia , 1999
Tags: Adicionar Tag
Sem tags, seja o primeiro a adicionar uma tag!
Thư viện lưu trữ: Thư viện Trường Đại học Đà Lạt
LEADER 00739nam a2200241 4500
001 DLU020015097
005 ##7/26/2000
020 # # |a 978- 
041 # # |a vie 
082 # # |a 341.42  |b VIE 
090 # # |a 341.42  |b VIE 
245 # # |a Nghị định của Chính phủ về xử phạt vi phạm hành chính trong vùng lãnh hải, vùng tiếp giáp lãnh hải, vùng đặc quyền kinh tế và thềm lục địa của nước Cộng hoà xã hội chủ ngh 
260 # # |a Hà Nội :  |b Chính trị Quốc gia ,  |c 1999 
300 # # |a 32 tr.;   |c 19 cm. 
992 # # |a 3400 
994 # # |a DLU 
900 # # |a False 
911 # # |a Administrator 
925 # # |a G 
926 # # |a A 
927 # # |a SH 
980 # # |a Thư viện Trường Đại học Đà Lạt